|
|
|
|
| LEADER |
00000nab a2200000 ar4500 |
| 001 |
vtls008625290 |
| 003 |
SK-MaSNL |
| 005 |
20260303071859.0 |
| 008 |
060222c2005 xo wr|p|||||||000 b|slo |
| 015 |
|
|
|a SNBRB2006/02
|2 snkbucl
|
| 038 |
|
|
|a SNKBUCL
|
| 040 |
|
|
|a SNKBUCL
|b slo
|c SNKBUCL
|e AACR2
|
| 041 |
0 |
|
|a slo
|
| 044 |
|
|
|a xo
|c SK
|
| 080 |
|
|
|a 658.15:622.323+622.692:061.5(470+571)
|2 1997
|
| 080 |
|
|
|a 622.323+622.692:061.5(470+571)
|2 1997
|
| 100 |
1 |
|
|a Dinis, Igor
|4 aut
|9 870943
|
| 245 |
1 |
0 |
|a Jukos za šesták?
|b ruská vláda predáva najziskovejšiu divíziu "len" za 4 miliardy dolárov
|c Igor Dinis
|
| 610 |
2 |
7 |
|a Transpetrol (Bratislava, Slovensko)
|x Yukos Finance (Holandsko)
|x akciové podiely
|x predaj
|2 snkbucl
|9 86713
|
| 610 |
2 |
7 |
|a Jukos (Rusko)
|2 snkbucl
|9 96584
|
| 610 |
2 |
7 |
|a Yukos Finance (Holandsko)
|2 snkbucl
|9 1041128
|
| 773 |
0 |
|
|t Profit
|g Č. 45-46 (2005), s. 24-25
|x 1335-4620
|
| 852 |
|
|
|a SNK
|b KIS3GCP
|
| 958 |
|
|
|a RU
|
| 958 |
|
|
|a NL
|
| 958 |
|
|
|a SK
|
| 999 |
|
|
|c 1761810
|d 1763740
|